| 000 | 00708nam a2200253Ia 4500 | ||
|---|---|---|---|
| 003 | OSt | ||
| 005 | 20221005123627.0 | ||
| 006 | a|||||r|||| 00| 0 | ||
| 007 | ta | ||
| 008 | 221004b |||||||| |||| 00| 0 eng d | ||
| 024 | _a67624 | ||
| 037 | _cTextual | ||
| 040 |
_aCRL _cCRL _beng |
||
| 041 |
_2eng _aeng |
||
| 082 | _aX9D6:8.58.N6, K3 | ||
| 110 |
_aNatiaonal Productivity Council, New Delhi _9627268 |
||
| 245 | 0 | _aMachine building industry in USSR and Czechoslovakia | |
| 260 | _c1963 | ||
| 490 | _aIts report; 27 | ||
| 650 | _aECONOMICS | ||
| 700 |
_aNatiaonal Productivity Council, New Delhi _9627269 |
||
| 942 |
_hX9D6:8.58.N6, K3 _cTEXL _2cc |
||
| 999 |
_c1047964 _d1047964 |
||